00323nam a2200121Ia 4500008004100000041000800041082001600049100002100065245004500086260003000131300003200161365000800193240624s9999 xx 000 0 und d aeng a943.086 SHI aSHIRER WILLIAM L aRISE AND FALL OF THE THIRD REICH THE HIS c1998aLondonbArrow Books axii, : 1245 : p. : cm. ; 20 cERU